| Tag |
First Indicator |
Second Indicator |
Subfields |
| LEADER |
00000cam a2200000 a 4500 |
| 001 |
in00000014292 |
| 005 |
20151007052200.0 |
| 008 |
861023s1987 nyuaf b 00110 eng |
| 010 |
|
|
|a 86027135
|
| 020 |
|
|
|a 0313245592 (lib. bdg. : alk. paper)
|
| 035 |
|
|
|a (OCoLC)14693144
|
| 035 |
|
|
|9 AAA6656AM
|
| 040 |
|
|
|a DLC
|c DLC
|d UtOrBLW
|
| 043 |
|
|
|a n-us---
|
| 049 |
|
|
|a TXAF
|c [A11484492]
|
| 050 |
0 |
0 |
|a E155
|b .S44 1987
|
| 082 |
0 |
|
|a 973
|2 19
|
| 100 |
1 |
|
|a Shearer, Benjamin F.
|
| 245 |
1 |
0 |
|a State names, seals, flags, and symbols :
|b a historical guide /
|c Benjamin F. Shearer and Barbara S. Shearer ; illustrations by Jerrie Yehling Smith.
|
| 264 |
|
1 |
|a New York :
|b Greenwood Press,
|c 1987.
|
| 300 |
|
|
|a viii, 239 pages, 20 unnumbered pages of plates :
|b illustrations (some color) ;
|c 24 cm.
|
| 336 |
|
|
|a text
|b txt
|2 rdacontent
|
| 337 |
|
|
|a unmediated
|b n
|2 rdamedia
|
| 338 |
|
|
|a volume
|b nc
|2 rdacarrier
|
| 504 |
|
|
|a Bibliography: pages [205]-218.
|
| 500 |
|
|
|a Includes index.
|
| 650 |
|
0 |
|a Names, Geographical
|z United States
|x States.
|
| 650 |
|
0 |
|a Seals (Numismatics)
|z United States
|x States.
|
| 650 |
|
0 |
|a Flags
|z United States
|x States.
|
| 650 |
|
0 |
|a Capitols.
|
| 650 |
|
0 |
|a Mottoes.
|
| 650 |
|
0 |
|a State flowers
|z United States.
|
| 650 |
|
0 |
|a State birds.
|
| 650 |
|
0 |
|a State songs.
|
| 651 |
|
0 |
|a United States
|x History, Local
|x Bibliography.
|
| 700 |
1 |
|
|a Shearer, Barbara Smith.
|
| 999 |
|
|
|a MARS
|
| 999 |
f |
f |
|s a5bd7cf1-9eb9-382c-b7b7-f302c898ebd9
|i 0d00f274-a3cb-3cee-8b7c-b60b2d618775
|t 0
|
| 952 |
f |
f |
|p ric
|a Texas A&M University
|b Rellis Campus
|c Joint Library Facility
|d Remote Storage
|t 0
|e E155 .S44 1987
|h Library of Congress classification
|i unmediated -- volume
|m A14811484492
|
| 998 |
f |
f |
|a E155 .S44 1987
|t 0
|l Remote Storage
|